Normal view MARC view

Entry Nombre personal

Number of records used in: 3

001 - NÚMERO DE CONTROL

  • campo de control: 37429

003 - IDENTIFICADOR DE NÚMERO DE CONTROL

  • campo de control: SpMaBN

005 - FECHA Y HORA DE LA ÚLTIMA TRANSACCIÓN

  • campo de control: 20250721224412.0

008 - ELEMENTOS DE DATO DE LONGITUD-FIJA

  • campo de control de longitud fija: 220325n| azznnaabn |n aac d

040 ## - FUENTE DE CATALOGACIÓN

  • Centro catalogador/agencia de origen: SpMaBN
  • Lengua de catalogación: spa
  • Centro/agencia transcriptor: SpMaBN
  • Normas de descripción: rdc
  • Convención/Normas de encabezamiento de materia/tesauro: embne

100 1# - ENCABEZAMIENTO-NOMBRE DE PERSONA

  • Nombre de persona: Cepeda, Francisco de,
  • Fechas asociadas al nombre: s. XVIII

375 ## - GÉNERO/SEXO

  • Género: Masculino

670 ## - FUENTE DE DATOS ENCONTRADOS

  • Cita de la fuente: Fábulas de Phedro, Liberto de Augusto, en latin y castellano, 1817
  • Información encontrada: portada (ilustradas con algunas notas mas de las que tenian, para la fácil inteligencia y uso de los principiantes en los estudios de gramática ; y corregidas con mayor exactitud por D. Francisco de Cepeda, Maestro de Latinidad en los Reales Estudios de San Isidro, é Individuo de la Real Academia Latina Matritense)